Metaphor in discourse / (Record no. 11526)
[ view plain ]
| 000 -LEADER | |
|---|---|
| fixed length control field | 02023cam a2200313 a 4500 |
| 001 - CONTROL NUMBER | |
| control field | 15235238 |
| 003 - CONTROL NUMBER IDENTIFIER | |
| control field | EG-ScBUE |
| 005 - DATE AND TIME OF LATEST TRANSACTION | |
| control field | 20200112095908.0 |
| 008 - FIXED-LENGTH DATA ELEMENTS--GENERAL INFORMATION | |
| fixed length control field | 080327s2008 enka f bd 001 0 eng d |
| 020 ## - INTERNATIONAL STANDARD BOOK NUMBER | |
| International Standard Book Number | 9780521686969 |
| 040 ## - CATALOGING SOURCE | |
| Original cataloging agency | DLC |
| Language of cataloging | eng |
| Description conventions | rda |
| Transcribing agency | DLC |
| Modifying agency | BAKER |
| -- | BTCTA |
| -- | UKM |
| -- | BWKUK |
| -- | BWK |
| -- | YDXCP |
| -- | CDX |
| -- | BWX |
| -- | DLC |
| -- | EG-ScBUE |
| 082 04 - DEWEY DECIMAL CLASSIFICATION NUMBER | |
| Classification number | 808 |
| Item number | SEM |
| Edition number | 22 |
| 100 1# - MAIN ENTRY--PERSONAL NAME | |
| Personal name | Semino, Elena, |
| Dates associated with a name | 1964- |
| Relator term | author. |
| 9 (RLIN) | 4719 |
| 245 10 - TITLE STATEMENT | |
| Title | Metaphor in discourse / |
| Statement of responsibility, etc | Elena Semino, Lancaster University. |
| 264 #1 - PUBLICATION, DISTRIBUTION, ETC. (IMPRINT) | |
| Place of publication, distribution, etc | Cambridge, UK ; |
| -- | New York : |
| Name of publisher, distributor, etc | Cambridge University Press, |
| Date of publication, distribution, etc | 2008. |
| 300 ## - PHYSICAL DESCRIPTION | |
| Extent | xii, 247 pages : |
| Other physical details | illustrations ; |
| Dimensions | 24 cm |
| 336 ## - CONTENT TYPE | |
| Source | rdacontent |
| Content type term | text |
| Content type code | txt |
| 337 ## - MEDIA TYPE | |
| Source | rdamedia |
| Media type term | unmediated |
| Media type code | n |
| 338 ## - CARRIER TYPE | |
| Source | rdacarrier |
| Carrier type term | volume |
| Carrier type code | nc |
| 500 ## - GENERAL NOTE | |
| General note | Includes glossary. |
| 504 ## - BIBLIOGRAPHY, ETC. NOTE | |
| Bibliography, etc | Includes bibliographical references and index. |
| 520 ## - SUMMARY, ETC. | |
| Summary, etc | "'Metaphor' is the phenomenon whereby we talk and, potentially, think about something in terms of something else. In this book Elena Semino discusses metaphor as a common linguistic occurrence, which is varied in its textual appearance, versatile in the functions it may perform, and central to many different types of communication, from informal interaction to political speeches. She discusses the use of metaphor across a variety of texts and genres from literature, politics, science, education, advertising and the discourse of mental illness. Each chapter includes detailed case studies focusing on specific texts, from election leaflets to specialist scientific articles. Also included is a detailed consideration of corpus (computer-based) methods of analysis. Wide-ranging and informative, this book will be invaluable to those interested in metaphor from a range of disciplines." |
| 590 ## - LOCAL NOTE (RLIN) | |
| Local note | shefaa ibrahem |
| 650 #7 - SUBJECT ADDED ENTRY--TOPICAL TERM | |
| Topical term or geographic name as entry element | Metaphor. |
| Source of heading or term | BUEsh |
| 9 (RLIN) | 4720 |
| 653 ## - INDEX TERM--UNCONTROLLED | |
| Resource For college | Humanities: English |
| Arrived date list | July2019 |
| 655 ## - INDEX TERM--GENRE/FORM | |
| Form subdivision | Reading book |
| 942 ## - ADDED ENTRY ELEMENTS (KOHA) | |
| Source of classification or shelving scheme | Dewey Decimal Classification |
| Koha item type | Book - Borrowing |
| Withdrawn status | Lost status | Source of classification or shelving scheme | Damaged status | Not for loan | Collection code | Home library | Current library | Shelving location | Date acquired | Source of acquisition | Cost, normal purchase price | Serial Enumeration / chronology | Total Checkouts | Total Renewals | Full call number | Barcode | Date last seen | Date checked out | Price effective from | Koha item type |
|---|---|---|---|---|---|---|---|---|---|---|---|---|---|---|---|---|---|---|---|---|
| Dewey Decimal Classification | Alahram | Central Library | Central Library | Second Floor | 11/05/2009 | 228.50 | 356 | 2 | 2 | 808 SEM | 000016345 | 15/07/2025 | 19/12/2013 | 11/05/2009 | Book - Borrowing |